De permeabiliteit van rubberachtige stoffen voor gassen. (Record no. 6846)
[ view plain ]
| 000 -LEADER | |
|---|---|
| fixed length control field | 00813cam a22002531 4500 |
| 001 - CONTROL NUMBER | |
| control field | af 49001109 |
| 003 - CONTROL NUMBER IDENTIFIER | |
| control field | DLC |
| 005 - DATE AND TIME OF LATEST TRANSACTION | |
| control field | 20260227110918.0 |
| 008 - FIXED-LENGTH DATA ELEMENTS--GENERAL INFORMATION | |
| fixed length control field | 800816s1943 ne a 000 0 dut c |
| 010 ## - LIBRARY OF CONGRESS CONTROL NUMBER | |
| LC control number | af 49001109 |
| 035 ## - SYSTEM CONTROL NUMBER | |
| System control number | (OCoLC)6628336 |
| 040 ## - CATALOGING SOURCE | |
| Original cataloging agency | New York. Public Libr. |
| Transcribing agency | OAkU |
| Modifying agency | OCoLC |
| -- | DLC |
| 042 ## - AUTHENTICATION CODE | |
| Authentication code | premarc |
| 050 00 - LIBRARY OF CONGRESS CALL NUMBER | |
| Classification number | TS1892 |
| Item number | .A48 |
| 082 ## - DEWEY DECIMAL CLASSIFICATION NUMBER | |
| Classification number | 678 |
| 100 1# - MAIN ENTRY--PERSONAL NAME | |
| Personal name | Amerongen, Gerrit Jan van. |
| 245 03 - TITLE STATEMENT | |
| Title | De permeabiliteit van rubberachtige stoffen voor gassen. |
| 260 ## - PUBLICATION, DISTRIBUTION, ETC. | |
| Place of publication, distribution, etc. | Amersfoort, |
| Name of publisher, distributor, etc. | Drukkerij v/h G.J. van Amerongen |
| Date of publication, distribution, etc. | [1943] |
| 300 ## - PHYSICAL DESCRIPTION | |
| Extent | 108 p. |
| Other physical details | illus. |
| Dimensions | 25 cm. |
| 502 ## - DISSERTATION NOTE | |
| Dissertation note | Proefschrift--Technische Hoogeschool, Delft. |
| 500 ## - GENERAL NOTE | |
| General note | "Zusammenfassung": p. 105-106. "Summary": p. 107-108. |
| 500 ## - GENERAL NOTE | |
| General note | "Stellingen": [2] p. inserted. |
| 504 ## - BIBLIOGRAPHY, ETC. NOTE | |
| Bibliography, etc. note | Bibliographical footnotes. |
No items available.